[Event "IECG CP.2005.P.00107"]
[Site "IECG email"]
[Date "2005.10.01"]
[Round "?"]
[White "Espirito Santo, Rubens Cardoso Do"]
[Black "Kahl, Karl Heinz"]
[Result "0-1"]
[WhiteElo "2199"]
[BlackElo "1747"]
[PlyCount "36"]
[EventDate "2005.10.01"]
[EventType "tourn (corr)"]
[EventRounds "6"]
[SourceTitle "Corr 2008"]
[Source "ChessBase"]
[SourceDate "2008.06.24"]
[SourceVersion "1"]
[SourceVersionDate "2008.06.24"]
[SourceQuality "1"]

1. e4 e5 2. Nf3 Nf6 3. d4 Nxe4 4. Bd3 d5 5. Nxe5 Nd7 6. Qe2 Nxe5 7. Bxe4 dxe4 8. Qxe4 Be6 9. Qxe5 Qd7 10. Be3 Bb4+ 11. Nc3 0-0 12. 0-0 Bd6 13. Qh5 Bf5 14. Rac1 Rfe8 15. Rfe1 c6 16. a3 Qe6 17. Qe2 Qg6 18. Qd2 Bh3 0-1

[Event "IECG CA.2004.0.00135 email"]
[Site "IECG email"]
[Date "2004.09.15"]
[Round "?"]
[White "Cade, Stephen"]
[Black "Espirito Santo, Rubens Cardoso Do"]
[Result "1/2-1/2"]
[WhiteElo "2038"]
[BlackElo "2196"]
[PlyCount "127"]
[EventDate "2004.09.15"]
[EventType "tourn (corr)"]
[EventRounds "6"]
[SourceTitle "Corr 2008"]
[Source "ChessBase"]
[SourceDate "2008.06.24"]
[SourceVersion "1"]
[SourceVersionDate "2008.06.24"]
[SourceQuality "1"]

1. e4 e5 2. Nf3 Nc6 3. Bb5 a6 4. Bxc6 dxc6 5. 0-0 Bd6 6. d4 exd4 7. Qxd4 f6 8. Be3 Be6 9. Nbd2 Ne7 10. Qc3 Ng6 11. Nd4 Qe7 12. Nxe6 Qxe6 13. Qb3 Qxb3 14. axb3 0-0-0 15. Rfd1 Rhe8 16. g3 Ne5 17. h3 h5 18. f4 Nf7 19. Kg2 g5 20. Ra5 Rg8 21. fxg5 Nxg5 22. Bxg5 fxg5 23. Nc4 h4 24. Nxd6+ cxd6 25. Rf5 Rde8 26. Kf3 hxg3 27. Rxd6 g2 28. Kxg2 Rxe4 29. Rd2 g4 30. h4 g3 31. h5 Rh4 32. Kf3 Rh1 33. Re5 Kc7 34. b4 Rh3 35. Rg2 Kd6 36. Rf5 Ke6 37. Rc5 Rg7 38. c4 Kd6 39. Rf5 Ke6 40. Rc5 Kd7 41. Re5 Kc7 42. Rf5 Kd6 43. b3 Ke6 44. Rc5 Kd7 45. Re5 Rg8 46. Rd2+ Kc7 47. Rg2 Kd6 48. Rf5 Ke6 49. Rc5 Rg7 50. Ra5 Kf6 51. Rc5 Rh1 52. b5 cxb5 53. cxb5 a5 54. Rxg3 Rf1+ 55. Kg2 Rg1+ 56. Kxg1 Rxg3+ 57. Kf2 Rxb3 58. b6 a4 59. Rc7 Rxb6 60. h6 Rb3 61. h7 Rh3 62. Rxb7 Kg6 63. Ra7 Rxh7 64. Rxa4 1/2-1/2

[Event "IECG CA.2004.0.00135 email"]
[Site "IECG email"]
[Date "2004.09.15"]
[Round "?"]
[White "Wolff, Christoph"]
[Black "Espirito Santo, Rubens Cardoso Do"]
[Result "0-1"]
[WhiteElo "2140"]
[BlackElo "2196"]
[PlyCount "54"]
[EventDate "2004.09.15"]
[EventType "tourn (corr)"]
[EventRounds "6"]
[SourceTitle "Corr 2008"]
[Source "ChessBase"]
[SourceDate "2008.06.24"]
[SourceVersion "1"]
[SourceVersionDate "2008.06.24"]
[SourceQuality "1"]

1. e4 e5 2. Nf3 Nc6 3. d4 exd4 4. Nxd4 Bc5 5. Be3 Qf6 6. c3 Nge7 7. Bc4 Ne5 8. Be2 d6 9. 0-0 Qg6 10. f3 Bh3 11. Rf2 0-0 12. Nd2 Bd7 13. Qb3 Rab8 14. f4 N5c6 15. Re1 Qf6 16. e5 Qg6 17. Rf3 dxe5 18. Rg3 Na5 19. Qd1 Qb6 20. fxe5 Nf5 21. Nxf5 Bxf5 22. Bg4 Bxe3+ 23. Rgxe3 Bxg4 24. Qxg4 Rbe8 25. b4 Nc6 26. Nc4 Qa6 27. e6 Re7 0-1

[Event "IECG CA.2003.0.00088 email"]
[Site "IECG email"]
[Date "2003.03.30"]
[Round "?"]
[White "Espirito Santo, Rubens Cardoso Do"]
[Black "Blittkowsky, Ralf"]
[Result "1-0"]
[WhiteElo "2163"]
[BlackElo "1953"]
[PlyCount "81"]
[EventDate "2003.03.30"]
[EventType "tourn (corr)"]
[EventRounds "6"]
[SourceTitle "Corr 2008"]
[Source "ChessBase"]
[SourceDate "2008.06.24"]
[SourceVersion "1"]
[SourceVersionDate "2008.06.24"]
[SourceQuality "1"]

1. e4 c5 2. Nf3 g6 3. d4 Bg7 4. dxc5 Qa5+ 5. c3 Qxc5 6. Be3 Qc7 7. Qc2 Nf6 8. Na3 Nc6 9. Nb5 Qa5 10. b4 Qd8 11. Rd1 0-0 12. Bc4 a6 13. Nbd4 Qc7 14. Bb3 Ne5 15. 0-0 Nfg4 16. Bg5 d6 17. h3 h6 18. Bf4 Nf6 19. Nxe5 dxe5 20. Bh2 Nh5 21. Rd2 b6 22. Rfd1 Nf4 23. Nf3 g5 24. Ne1 Ra7 25. Bg3 Qc6 26. f3 h5 27. c4 g4 28. hxg4 hxg4 29. Rd8 Qg6 30. Rxf8+ Bxf8 31. Rd8 Rc7 32. Qd2 Ne6 33. Bxe5 Nxd8 34. Bxc7 Ne6 35. Bxb6 gxf3 36. Nxf3 Bb7 37. Be3 Bxe4 38. Kf2 Ng7 39. c5 Nf5 40. Ng5 Nh6 41. Kg1 1-0

[Event "IECG CA.2003.0.00088 email"]
[Site "IECG email"]
[Date "2003.03.30"]
[Round "1"]
[White "Espirito Santo, Rubens Cardoso Do"]
[Black "Jimenez, Joaquin Rodrigo"]
[Result "1/2-1/2"]
[WhiteElo "2163"]
[BlackElo "2044"]
[PlyCount "34"]
[EventDate "2003.03.30"]
[EventType "tourn (corr)"]
[EventRounds "6"]
[SourceTitle "Corr 2008"]
[Source "ChessBase"]
[SourceDate "2008.06.24"]
[SourceVersion "1"]
[SourceVersionDate "2008.06.24"]
[SourceQuality "1"]

1. e4 c6 2. d4 d5 3. Nd2 dxe4 4. Nxe4 Nd7 5. Nf3 Ngf6 6. Nxf6+ Nxf6 7. Ne5 Be6 8. Be2 g6 9. 0-0 Bg7 10. c4 0-0 11. Bf4 Nd7 12. Nf3 Bg4 13. Be3 Qc7 14. Ng5 Bxe2 15. Qxe2 e5 16. dxe5 Bxe5 17. Nf3 Bg7 1/2-1/2

[Event "IECG CP.2001.P.00035"]
[Site "IECG email"]
[Date "2001.10.01"]
[Round "?"]
[White "Espirito Santo, Rubens Cardoso Do"]
[Black "Sawamura, Tetsushi"]
[Result "1-0"]
[WhiteElo "2230"]
[BlackElo "1200"]
[PlyCount "67"]
[EventDate "2001.10.01"]
[EventType "tourn (corr)"]
[EventRounds "6"]
[SourceTitle "Corr 2008"]
[Source "ChessBase"]
[SourceDate "2008.06.24"]
[SourceVersion "1"]
[SourceVersionDate "2008.06.24"]
[SourceQuality "1"]

1. e4 c6 2. d4 d5 3. Nd2 dxe4 4. Nxe4 Nf6 5. Nxf6+ gxf6 6. c3 Bf5 7. Nf3 Qc7 8. Nh4 Bg6 9. Qf3 Nd7 10. Bf4 e5 11. dxe5 fxe5 12. Be3 Bc5 13. Nxg6 hxg6 14. Bc4 f5 15. Qg3 0-0-0 16. Bxc5 Nxc5 17. Qxg6 Rhf8 18. 0-0 Rd6 19. Qg3 f4 20. Qg5 f3 21. g3 Qh7 22. Rfd1 Qh3 23. Bf1 Rxd1 24. Rxd1 Qe6 25. Qh5 Qe8 26. Qh6 Qe7 27. b4 Ne4 28. Qe3 Nd6 29. Qxa7 Kc7 30. c4 Nf5 31. c5 Nd4 32. a4 Qd7 33. b5 cxb5 34. axb5 1-0